Parole che iniziano con la "N" - Statistics

Statistiche generali
  • Questo quiz è stato fatto 307 volte
  • Il punteggio medio è 11 su 15
Statistiche sulle risposte
INDIZIO RISPOSTA % Corretto
Un angolo retto misura tot gradi Novanta
96%
La moglie di tuo figlio Nuora
95%
Crema a base di nocciole e cioccolato marchiata Ferrero Nutella
93%
Sostanza contenuta nelle sigarette e nel tabacco Nicotina
92%
Una delle console più vendute in tutto il mondo Nintendo
88%
Parte centrale della cellula eucariote che ne dirige le funzioni Nucleo
84%
Nazione dell'Africa del Sud famosa per i suoi elefanti Namibia
79%
Kurt Cobain era il cantante di questa band Nirvana
74%
La capitale di Cipro Nicosia
72%
Il _______ e l'ambrosia erano il cibo degli dei greci Nettare
71%
Il contrario di sedentario Nomade
70%
Costruzione a secco di forma circolare, molto presente in Sardegna Nuraghe
58%
Il decimo elemento della tavola periodica Neon
55%
Corrisponde a 1,852 chilometri orari Nodo
27%
Grande canale artificiale usato si per l'irrigazione che per il passaggio di imbarcazioni Naviglio
26%
Nessun quiz corrispondente trovato
Distribuzione punteggi
Percentuale di utenti per punteggio
Percentile per numero di risposta
I tuoi punteggi nel tempo
Non hai fatto questo quiz